<?xml version="1.0" encoding="UTF-8"?>
<record
    xmlns:xsi="http://www.w3.org/2001/XMLSchema-instance"
    xsi:schemaLocation="http://www.loc.gov/MARC21/slim http://www.loc.gov/standards/marcxml/schema/MARC21slim.xsd"
    xmlns="http://www.loc.gov/MARC21/slim">

  <leader>00732nam a2200229 a 4500</leader>
  <controlfield tag="008">960412s1996 m yxo      r        0  slo c</controlfield>
  <datafield tag="020" ind1=" " ind2=" ">
    <subfield code="a">8085575132</subfield>
    <subfield code="c">10</subfield>
  </datafield>
  <datafield tag="040" ind1=" " ind2=" ">
    <subfield code="a">SNK</subfield>
    <subfield code="b">slo</subfield>
    <subfield code="c">SNK</subfield>
    <subfield code="e">AACR2</subfield>
  </datafield>
  <datafield tag="041" ind1="1" ind2=" ">
    <subfield code="a">slo</subfield>
  </datafield>
  <datafield tag="044" ind1=" " ind2=" ">
    <subfield code="a">xo</subfield>
    <subfield code="c">SK</subfield>
  </datafield>
  <datafield tag="080" ind1=" " ind2=" ">
    <subfield code="a">908.437.683-21(084.12)</subfield>
  </datafield>
  <datafield tag="080" ind1=" " ind2=" ">
    <subfield code="a">779(437.683-21)</subfield>
  </datafield>
  <datafield tag="100" ind1="1" ind2=" ">
    <subfield code="a">Gojdi&#x10D;, Pavel</subfield>
    <subfield code="4">aut</subfield>
  </datafield>
  <datafield tag="245" ind1="1" ind2="0">
    <subfield code="a">Svidn&#xED;k</subfield>
    <subfield code="c">text: Pavel Gojdi&#x10D; ; fotografie a grafick&#xE1; &#xFA;prava: Dion&#xFD;z Dugas</subfield>
  </datafield>
  <datafield tag="260" ind1=" " ind2=" ">
    <subfield code="a">Pre&#x161;ov</subfield>
    <subfield code="b">DINO</subfield>
    <subfield code="a">Svidn&#xED;k</subfield>
    <subfield code="b">Mestsk&#xFD; &#xFA;rad [vyd.]</subfield>
    <subfield code="c">1996</subfield>
  </datafield>
  <datafield tag="300" ind1=" " ind2=" ">
    <subfield code="a">62 s.</subfield>
    <subfield code="c">21 cm</subfield>
  </datafield>
  <datafield tag="500" ind1=" " ind2=" ">
    <subfield code="a">S&#xFA;be&#x17E;. text angl., nem., rus. a po&#x13E;.</subfield>
  </datafield>
  <datafield tag="500" ind1=" " ind2=" ">
    <subfield code="a">Rozlo&#x17E;. fotogr. na tit. strane</subfield>
  </datafield>
  <datafield tag="651" ind1="0" ind2="7">
    <subfield code="a">Svidn&#xED;k (Slovensko)</subfield>
    <subfield code="x">fotografie</subfield>
    <subfield code="2">SNK</subfield>
  </datafield>
  <datafield tag="700" ind1="1" ind2=" ">
    <subfield code="a">Dugas, Dion&#xFD;z</subfield>
    <subfield code="4">pht</subfield>
  </datafield>
  <datafield tag="958" ind1=" " ind2=" ">
    <subfield code="a">AOP</subfield>
  </datafield>
  <datafield tag="999" ind1=" " ind2=" ">
    <subfield code="c">15297</subfield>
    <subfield code="d">15297</subfield>
  </datafield>
  <datafield tag="952" ind1=" " ind2=" ">
    <subfield code="0">0</subfield>
    <subfield code="1">0</subfield>
    <subfield code="2">udc</subfield>
    <subfield code="4">0</subfield>
    <subfield code="7">0</subfield>
    <subfield code="8">K</subfield>
    <subfield code="a">10000</subfield>
    <subfield code="b">10000</subfield>
    <subfield code="d">2019-11-29</subfield>
    <subfield code="g">10.00</subfield>
    <subfield code="i">14331</subfield>
    <subfield code="l">1</subfield>
    <subfield code="o">I0369</subfield>
    <subfield code="p">I0369</subfield>
    <subfield code="r">2021-04-26</subfield>
    <subfield code="s">2020-12-15</subfield>
    <subfield code="w">2019-11-29</subfield>
    <subfield code="y">OLDO</subfield>
  </datafield>
</record>
